Haz Clic en Estados de EE. UU. en los Montes Apalaches en un Mapa - Estadísticas

Estadísticas generales
  • Esta prueba ha sido intentada 27 veces
  • La puntuación promedio es 14 de 18
Respuestas en el mapa
Las respuestas están codificadas por una escala verde-roja en el mapa de la prueba según el % correcto abajo.
 
Estadísticas de respuestas
Respuesta % Correcto
Ohio
93%
Alabama
89%
Nueva York
89%
Pensilvania
89%
Virginia Occidental
89%
Carolina del Norte
85%
Carolina del Sur
85%
Kentucky
85%
Georgia
81%
Massachusetts
81%
Virginia
81%
Maine
78%
Nuevo Hampshire
78%
Tennessee
74%
Connecticut
70%
Maryland
70%
Nueva Jersey
67%
Vermont
63%
No se encontraron pruebas coincidentes
Distribución de puntuación
Porcentaje de gente con cada puntuación
Porcentaje por número respondido
Historial de tus puntuaciones
No has intentado esta prueba.